000 00363nam a22001217a 4500
999 _c9648
_d9648
003 OSt
008 201210b ||||| |||| 00| 0 eng d
245 _aDecision Indian Institute of Management Calcutta
250 _a2018(Mar Vol.45 No.1, Jun Vol.45 No.2, Sep Vol.45 No.3, Dec Vol.45 No.4)
260 _aCalcutta
_bSpringer
650 _aManagement
942 _2ddc
_cBV